000 nam a22 4500
999 _c97106
_d97105
005 20181004143247.0
008 181001b ||||| |||| 00| 0 eng d
020 _a9788172867225
080 _a001
_bCHI R
100 _aChitra, Ramaswamy
245 _aQuizzotica anant
_bthe ultimate quiz book
260 _aBengaluru
_bPrism books
_c2014
300 _a251p.
653 _aGeneral knowledge quiz
942 _cREF